Site analysis : (Record no. 11921)

000 -LEADER
fixed length control field 00559cam a22001814a 4500
020 ## - INTERNATIONAL STANDARD BOOK NUMBER
ISBN 0471344125
020 ## - INTERNATIONAL STANDARD BOOK NUMBER
ISBN 9780471344124
040 ## - CATALOGING SOURCE
Transcribing agency DLC
082 00 - DEWEY DECIMAL CLASSIFICATION NUMBER
Classification number 720 JOH 2001 A085 Or.
100 1# - MAIN ENTRY--AUTHOR NAME
Personal name LaGro, James A.,
245 10 - TITLE STATEMENT
Title Site analysis :
Remainder of title linking program and concept in land planning and design /
300 ## - PHYSICAL DESCRIPTION
Number of Pages xi, 227 pages :
Other physical details illustrations ;
Dimensions 28 cm
650 #0 - SUBJECT ADDED ENTRY--TOPICAL TERM
Topical Term Building sites
650 #0 - SUBJECT ADDED ENTRY--TOPICAL TERM
Topical Term Building sites
650 #4 - SUBJECT ADDED ENTRY--TOPICAL TERM
Topical Term Chantiers de construction - Aspect de l'environnement
650 #4 - SUBJECT ADDED ENTRY--TOPICAL TERM
Topical Term Chantiers de construction - Planification
942 ## - ADDED ENTRY ELEMENTS (KOHA)
Koha item type សៀវភៅភាសាអង់គ្លេស
952 ## - LOCATION AND ITEM INFORMATION (KOHA)
Withdrawn status [LOCAL, KOHA] 0
Holdings
Permanent Location Date acquired Koha item type Lost status Shelving location Barcode Current Location Full call number
Library Block A2017-08-08សៀវភៅភាសាអង់គ្លេស A085A14150Library Block A720 JOH 2001 A085 Or.
មជ្ឈមណ្ឌលឯការនៃសាកលវិទ្យាល័យភូមិន្ទកសិកម្មចំការដូង

Powered by Koha